[Event "Summer Team Tournament 2020"]
[Site "Skype"]
[Date "????.??.??"]
[Round "3"]
[White "Rodriguez, Gisselle"]
[Black "Chavez, Isidro"]
[Result "0-1"]
[WhiteElo "1000"]
[BlackElo "1192"]
[PlyCount "82"]

1. c4 c5 2. Nc3 Nf6 3. e3 Nc6 4. f4 e6 5. e4 Bd6 6. Nf3 Bxf4 7. d3 Bc7 8. Be2
d5 9. O-O O-O 10. Bg5 h6 11. Bh4 Ne5 12. Qd2 d4 13. Nxe5 Bxe5 14. Nb5 a6 15.
Nc3 Bc7 16. Na4 Qd6 17. Bg3 Qd7 18. Rf4 Qxa4 19. Rg4 Nxg4 20. Bxc7 Ne3 21. Bd1
Qd7 22. Qf2 Qxc7 23. Bh5 e5 24. Rf1 Nxf1 25. Qxf1 Be6 26. Qf3 Qe7 27. g4 g6 28.
g5 gxh5 29. gxh6 Qg5+ 30. Kf2 Kh7 31. Qg3 Qxh6 32. Qxe5 Rg8 33. Qxc5 Qd2+ 34.
Kf3 Qxd3+ 35. Kf4 Rg4+ 36. Ke5 Qxe4+ 37. Kd6 Qf4+ 38. Ke7 Rgg8 39. Qxh5+ Kg7
40. c5 Rad8 41. a4 Rge8# 0-1

[Event "Summer Team Tournament 2020"]
[Site "Skype"]
[Date "????.??.??"]
[Round "3"]
[White "Cuellar, Jose Gabriel"]
[Black "Legueltel, Daniel"]
[Result "1-0"]
[WhiteElo "1686"]
[BlackElo "1747"]
[PlyCount "63"]

1. d4 d5 2. Bf4 Bf5 3. c3 c6 4. Nf3 Nf6 5. h3 h6 6. e3 e6 7. Nbd2 Bd6 8. Ne5
Qc7 9. Bg3 Nbd7 10. f4 Ne4 11. Nxe4 Bxe4 12. Qd2 O-O-O 13. Nxf7 Nf6 14. Nxh8
Rxh8 15. Bh4 Rg8 16. Bxf6 gxf6 17. Rg1 Rg3 18. Qf2 Qg7 19. O-O-O e5 20. Be2
exf4 21. exf4 Rxg2 22. Bg4+ f5 23. Rxg2 Bxg2 24. Bxf5+ Kc7 25. Qe3 Qf6 26. Qe6
Bxf4+ 27. Kc2 Qxe6 28. Bxe6 Kd6 29. Bf5 h5 30. Kd3 h4 31. Rg1 Bf3 32. Rf1 1-0

[Event "Summer Team Tournament 2020"]
[Site "Skype"]
[Date "????.??.??"]
[Round "3"]
[White "Hurtado De Mendoza, Ramon Miguel"]
[Black "Aceituno, Stebe"]
[Result "1-0"]
[WhiteElo "1549"]
[BlackElo "1590"]
[PlyCount "37"]

1. d4 Nf6 2. c4 g6 3. Nc3 Bg7 4. e4 d6 5. f4 c6 6. Nf3 Nbd7 7. e5 dxe5 8. dxe5
Ng8 9. Be3 e6 10. Ne4 Ne7 11. Nd6+ Kf8 12. Ng5 Qa5+ 13. Qd2 Qxd2+ 14. Bxd2 Nf5
15. Ndxf7 Rg8 16. Nd8 Nc5 17. Bb4 b6 18. O-O-O Ke7 19. Nxc6+ 1-0

[Event "Summer Team Tournament 2020"]
[Site "Skype"]
[Date "????.??.??"]
[Round "3"]
[White "Rodriguez, Liliana"]
[Black "Rodriguez, Nathalie"]
[Result "0-1"]
[WhiteElo "1000"]
[BlackElo "1335"]
[PlyCount "56"]

1. e4 e5 2. Nf3 Nc6 3. Bc4 Nd4 4. d3 d6 5. O-O h6 6. h3 Be7 7. Nbd2 Nf6 8. c3
Nxf3+ 9. Nxf3 Be6 10. Qa4+ Nd7 11. Re1 O-O 12. Bxe6 fxe6 13. Be3 Nc5 14. Qc4
Qd7 15. d4 Na6 16. dxe5 dxe5 17. Rad1 Bd6 18. b4 Nb8 19. b5 b6 20. a4 Qf7 21.
Qb3 Nd7 22. c4 Nc5 23. Bxc5 Bxc5 24. Nxe5 Qxf2+ 25. Kh2 Qf4+ 26. Qg3 Bf2 27.
Ng6 Qxg3+ 28. Kh1 Qxg6 0-1

[Event "Summer Team Tournament 2020"]
[Site "Skype"]
[Date "????.??.??"]
[Round "3"]
[White "Hargez, Dany"]
[Black "Guevara, Lizbeth"]
[Result "1-0"]
[WhiteElo "1177"]
[BlackElo "1000"]
[PlyCount "79"]

1. e4 e5 2. Nf3 Nc6 3. Bc4 Bc5 4. Bd5 Nf6 5. d3 O-O 6. Bxc6 Ng4 7. O-O dxc6 8.
h3 Nxf2 9. Rxf2 Qf6 10. Bg5 Qg6 11. Kf1 h6 12. Bh4 Bd7 13. Nxe5 Qd6 14. Nc4 Qh2
15. Ke2 Bxf2 16. Bxf2 Qxg2 17. Ne3 Qxh3 18. Qg1 Qh5+ 19. Kd2 g6 20. Nc3 b5 21.
Ne2 Rab8 22. b4 c5 23. Qb1 c4 24. dxc4 Be6 25. Nf4 Rfe8 26. Nxh5 Red8+ 27. Ke2
Kh7 28. Nf6+ Kg7 29. Bh4 bxc4 30. Nh5+ Kh7 31. Bxd8 Rxd8 32. Nf6+ Kg7 33. Qb2
c5 34. Nfg4+ c3 35. Qxc3+ Kh7 36. Rh1 h5 37. Qf6 Bxg4+ 38. Nxg4 Rc8 39. Qg5 Kg7
40. Rxh5 1-0

[Event "Summer Team Tournament 2020"]
[Site "Skype"]
[Date "????.??.??"]
[Round "3"]
[White "De Almeida, Renato Barbosa"]
[Black "Calderon, Francisco"]
[Result "0-1"]
[WhiteElo "1630"]
[BlackElo "1683"]
[PlyCount "40"]

1. e4 d5 2. exd5 Nf6 3. Nc3 Nxd5 4. Nxd5 Qxd5 5. Nf3 e5 6. Qe2 Nc6 7. c3 Be7 8.
d3 Bf5 9. Nd2 O-O-O 10. Ne4 Bg6 11. Qc2 f5 12. c4 Qe6 13. Ng5 Bxg5 14. Bxg5 Rd7
15. Rd1 f4 16. a3 Qg4 17. h4 h6 18. h5 hxg5 19. Rd2 Nd4 20. Qa4 a6 0-1

. Kh1
b5 22. g5 hxg5 23. fxg5 Nh7 1/2-1/2

[Event "Summer Team Tournament 2020"]
[Site "Skype"]
[Date "????.??.??"]
[Round "3"]
[White "Pezzolato, Erica"]
[Black "Souza, Joselito Dos Santos"]
[Result "1/2-1/2"]
[WhiteElo "1458"]
[BlackElo "1428"]
[PlyCount "73"]

1. c4 c5 2. Nf3 Nc6 3. g3 e5 4. d3 d6 5. Bg2 h6 6. O-O Nf6 7. Nc3 a6 8. Bd2 Be7
9. a3 O-O 10. Qc2 Bg4 11. Rab1 Rb8 12. b4 Bxf3 13. Bxf3 Nd4 14. Qd1 Nxf3+ 15.
exf3 b6 16. Re1 Qc7 17. Ne4 Rfd8 18. bxc5 bxc5 19. Qc2 Rxb1 20. Rxb1 Nxe4 21.
fxe4 Rb8 22. Kg2 Kh7 23. Rb2 g6 24. Qb1 Rxb2 25. Qxb2 Qc8 26. f4 f6 27. fxe5
fxe5 28. h3 Kg7 29. a4 Bd8 30. g4 Qc7 31. Qb1 Kh7 32. Kg3 Qb6 33. Qxb6 Bxb6 34.
g5 h5 35. h4 Kg7 36. a5 Bd8 37. Kf3 1/2-1/2

[Event "Summer Team Tournament 2020"]
[Site "Skype"]
[Date "????.??.??"]
[Round "3"]
[White "Sanches Da Silva, Carlos Eduardo"]
[Black "Bosetti, Giancarlo"]
[Result "1/2-1/2"]
[WhiteElo "1000"]
[BlackElo "1356"]
[PlyCount "86"]

1. e4 e5 2. Nf3 Nc6 3. d4 exd4 4. Nxd4 Bc5 5. Nxc6 bxc6 6. Bc4 d5 7. exd5 cxd5
8. Bxd5 Rb8 9. O-O Ne7 10. Nc3 O-O 11. Bg5 c6 12. Bc4 Qxd1 13. Raxd1 Bg4 14.
Rd7 Rfd8 15. Rxd8+ Rxd8 16. Re1 Re8 17. h3 Bf5 18. Ne4 Bxe4 19. Rxe4 h6 20.
Bxe7 Rxe7 21. Bd3 Rxe4 22. Bxe4 Bd4 23. c3 Be5 24. Bxc6 Kf8 25. Kf1 Ke7 26. Ke2
Kd6 27. Be4 g6 28. g4 g5 29. Kd3 Kc5 30. b4+ Kb5 31. Kc2 a5 32. bxa5 Kxa5 33.
Kb3 Bd6 34. Kc4 Kb6 35. Kd5 Bc5 36. f3 Be7 37. c4 Bf8 38. a4 Be7 39. a5+ Kxa5
40. c5 Kb5 41. c6 Kb6 42. Bd3 Kc7 43. Bh7 Ba3 1/2-1/2

[Event "Summer Team Tournament 2020"]
[Site "Skype"]
[Date "????.??.??"]
[Round "3"]
[White "De Fazio, Monica"]
[Black "Carlos Souza, Fernando"]
[Result "0-1"]
[WhiteElo "1125"]
[BlackElo "1000"]
[PlyCount "58"]

1. e4 e5 2. Nf3 Nc6 3. Bc4 Bc5 4. O-O Nf6 5. h3 O-O 6. d3 Na5 7. Bd2 Nxc4 8.
dxc4 d6 9. Bg5 h6 10. Bxf6 Qxf6 11. Nc3 c6 12. a3 Be6 13. Qe2 Qg6 14. Kh2 f5
15. Nh4 Qg5 16. exf5 Bxf5 17. Nxf5 Rxf5 18. Ne4 Qe7 19. Nxc5 dxc5 20. Rad1 Raf8
21. Rd3 e4 22. Rg3 Qe5 23. c3 e3 24. Qg4 e2 25. Re1 Rxf2 26. Kg1 Rf1+ 27. Rxf1
exf1=Q+ 28. Kh2 Qfe1 29. Qg6 Rf1 0-1

[Event "Summer Team Tournament 2020"]
[Site "Skype"]
[Date "????.??.??"]
[Round "3"]
[White "Mulrooney, Justin"]
[Black "Le Brun, Yves"]
[Result "1-0"]
[WhiteElo "1635"]
[BlackElo "1611"]
[PlyCount "69"]

1. e4 c6 2. d4 d5 3. e5 Bf5 4. Be3 e6 5. Bd3 Ne7 6. Nc3 Nd7 7. Qe2 Bxd3 8. Qxd3
Nf5 9. Nf3 Nxe3 10. fxe3 Be7 11. O-O Qc7 12. e4 Nb6 13. b3 h6 14. exd5 Nxd5 15.
Nxd5 cxd5 16. Nd2 Bb4 17. Qb5+ Qc6 18. Qxb4 a5 19. Qc5 Qxc5 20. dxc5 Rc8 21.
Rf4 O-O 22. c4 Rxc5 23. Nf3 g5 24. Rd4 Rfc8 25. cxd5 exd5 26. Rad1 Kg7 27. Rxd5
Rxd5 28. Rxd5 Rc1+ 29. Kf2 Rc2+ 30. Rd2 Rxd2+ 31. Nxd2 f5 32. exf6+ Kxf6 33.
Nc4 b6 34. Nxb6 Ke5 35. Nc4+ 1-0

[Event "Summer Team Tournament 2020"]
[Site "Skype"]
[Date "????.??.??"]
[Round "3"]
[White "Galani, Mahendra"]
[Black "Gadow, Martin"]
[Result "0-1"]
[WhiteElo "1458"]
[BlackElo "1530"]
[PlyCount "62"]

1. e4 c5 2. d4 cxd4 3. Qxd4 Nf6 4. e5 Nc6 5. Qf4 Nd5 6. Qg3 e6 7. Nf3 Nde7 8.
Nh4 Qa5+ 9. c3 Qxe5+ 10. Qxe5 Nxe5 11. f4 N5c6 12. Bd3 d5 13. O-O Ng6 14. Nf3
Bc5+ 15. Kh1 a6 16. b4 Bd6 17. Ne1 O-O 18. Na3 b5 19. Nac2 Bb7 20. a3 Nge7 21.
Be3 Ng6 22. Be2 Nge7 23. Nd3 Rfe8 24. Nc5 Bc8 25. Nb3 e5 26. Bh5 g6 27. Bd1 Nf5
28. Bc5 exf4 29. Bxd6 Nxd6 30. Rxf4 Bf5 31. Ncd4 Re1+ 0-1

[Event "Summer Team Tournament 2020"]
[Site "Skype"]
[Date "????.??.??"]
[Round "3"]
[White "Pourtahmasbi, Ednun"]
[Black "Milanese, Serge"]
[Result "0-1"]
[WhiteElo "1305"]
[BlackElo "1277"]
[PlyCount "32"]

1. e4 c6 2. Nc3 d5 3. exd5 cxd5 4. Bb5+ Nc6 5. Bxc6+ bxc6 6. Nf3 e6 7. d4 Nf6
8. Bg5 Be7 9. Qd2 O-O 10. O-O-O Qa5 11. a3 Bxa3 12. Rde1 Bxb2+ 13. Kd1 Bxc3 14.
Qxc3 Qxc3 15. Bxf6 gxf6 16. g4 Rb8 0-1

[Event "Summer Team Tournament 2020"]
[Site "Skype"]
[Date "????.??.??"]
[Round "3"]
[White "Lovell, Stan"]
[Black "Davis, Michael"]
[Result "1-0"]
[WhiteElo "1634"]
[BlackElo "1530"]
[PlyCount "70"]

1. d4 Nf6 2. Nc3 d5 3. Bf4 a6 4. e3 Bf5 5. Bd3 Bg6 6. Nf3 Nbd7 7. O-O e6 8. Re1
c5 9. h3 c4 10. Bxg6 hxg6 11. e4 dxe4 12. Nxe4 Nxe4 13. Rxe4 Nf6 14. Re1 Bd6
15. Ne5 Nh5 16. Bh2 Qh4 17. Qe2 Nf4 18. Qe3 Nd5 19. Qf3 Nf6 20. Qxb7 O-O 21.
Nf3 Bxh2+ 22. Nxh2 Qxd4 23. c3 Qc5 24. Rad1 Rfb8 25. Qf3 Nd5 26. Re2 Ra7 27.
Ng4 Qb6 28. Ne5 Rab7 29. Rde1 Qc7 30. Kh1 Rxb2 31. Rxb2 Rxb2 32. a3 Qc5 33.
Qxf7+ Kh8 34. Nxg6+ Kh7 35. Ne5 Qxf2 1-0

[Event "Summer Team Tournament 2020"]
[Site "Skype"]
[Date "????.??.??"]
[Round "3"]
[White "Reese, Evan"]
[Black "Luunge, Abdi"]
[Result "1-0"]
[WhiteElo "1235"]
[BlackElo "1285"]
[PlyCount "71"]

1. e4 e5 2. g3 Nc6 3. Bg2 Nf6 4. Ne2 Bc5 5. O-O O-O 6. Nbc3 d6 7. d3 h6 8. Nd5
Ne8 9. c3 Ne7 10. d4 Bb6 11. Nxb6 cxb6 12. f4 Qc7 13. Qd3 Bg4 14. h3 Bxe2 15.
Qxe2 exd4 16. cxd4 Nc6 17. Be3 Nf6 18. Rac1 Qd7 19. d5 Ne7 20. Bd4 Ng6 21. Bxf6
gxf6 22. Qh5 Kg7 23. e5 fxe5 24. f5 Nh8 25. f6+ Kh7 26. Be4+ Ng6 27. Rc4 b5 28.
Bf5 Qd8 29. Rh4 Qb6+ 30. Kg2 Qe3 31. Rg4 Rg8 32. Rh4 Qd2+ 33. Rf2 Qxd5+ 34. Be4
Rh8 35. Qxh6+ Kg8 36. Qg7# 1-0

[Event "Summer Team Tournament 2020"]
[Site "Skype"]
[Date "????.??.??"]
[Round "3"]
[White "Maccaferri, Massimo"]
[Black "Alverson, Ginny"]
[Result "1-0"]
[WhiteElo "1152"]
[BlackElo "1016"]
[PlyCount "45"]

1. e4 c5 2. Bc4 e6 3. Nf3 Nc6 4. d3 Nf6 5. e5 Be7 6. exf6 Bxf6 7. g4 Qa5+ 8.
Bd2 Qc7 9. g5 Bxb2 10. Nc3 Bxa1 11. Qxa1 O-O 12. Ne4 Nd4 13. Nxd4 cxd4 14. Qxd4
d5 15. Bc3 f6 16. gxf6 e5 17. Bxd5+ Kh8 18. Qxe5 Qxe5 19. Bxe5 gxf6 20. Bxf6+
Rxf6 21. Nxf6 Bh3 22. Rg1 Re8+ 23. Nxe8 1-0

[Event "Summer Team Tournament 2020"]
[Site "Skype"]
[Date "????.??.??"]
[Round "3"]
[White "Da Silva, Sidnei Silvestre"]
[Black "Hilton, Stephen"]
[Result "0-1"]
[WhiteElo "1566"]
[BlackElo "1741"]
[PlyCount "56"]

1. d4 Nf6 2. Bf4 g6 3. e3 Bg7 4. Nf3 O-O 5. c3 d5 6. Be2 b6 7. Nbd2 Bb7 8. O-O
Nbd7 9. Ne5 c5 10. Rc1 Rc8 11. Re1 a6 12. Bf3 Ne4 13. Nxd7 Qxd7 14. Nxe4 dxe4
15. Be2 Qc6 16. f3 cxd4 17. exd4 exf3 18. Bxf3 Qd7 19. Re3 Bxd4 20. Bxb7 Bxe3+
21. Bxe3 Qxb7 22. Qg4 e5 23. Qg5 f6 24. Qh6 b5 25. Rf1 f5 26. Rf3 f4 27. Bf2
Qe4 28. Kf1 Rcd8 0-1

[Event "Summer Team Tournament 2020"]
[Site "Skype"]
[Date "????.??.??"]
[Round "3"]
[White "Hague, Mark"]
[Black "Lopes, Marcia Maria"]
[Result "1-0"]
[WhiteElo "1490"]
[BlackElo "1363"]
[PlyCount "89"]

1. d4 Nf6 2. Nc3 e6 3. Bf4 Bb4 4. e3 b6 5. Bd3 Bb7 6. f3 Nd5 7. Nge2 Nxf4 8.
Nxf4 Nc6 9. Nfe2 O-O 10. Qd2 Re8 11. O-O-O Ne7 12. e4 c5 13. dxc5 bxc5 14. h4
h5 15. Qg5 g6 16. Rdg1 Nc6 17. g4 Qxg5+ 18. hxg5 Ne5 19. Rh3 Kg7 20. gxh5 Rh8
21. h6+ Kh7 22. Nd1 c4 23. f4 Nxd3+ 24. cxd3 Rhc8 25. Nec3 cxd3 26. Rxd3 d6 27.
Nf2 Rc7 28. Ng4 Rac8 29. Nf6+ Kh8 30. Rgg3 a5 31. a3 Bc5 32. Kb1 Ba6 33. Rdf3
Rb8 34. Rg2 Bxa3 35. Rgf2 Bb4 36. Nd1 Rbc8 37. Nc3 Bxc3 38. bxc3 Rxc3 39. Rxc3
Rxc3 40. Rb2 Rc8 41. Rb6 Bd3+ 42. Kb2 Rd8 43. Kc3 e5 44. Kxd3 exf4 45. Ra6 1-0

[Event "Summer Team Tournament 2020"]
[Site "Skype"]
[Date "????.??.??"]
[Round "3"]
[White "Carvalho, Cleiton Francisco de"]
[Black "Ryan, Lea"]
[Result "1-0"]
[WhiteElo "1000"]
[BlackElo "1371"]
[PlyCount "45"]

1. e4 e5 2. Nf3 Nc6 3. Bc4 Bc5 4. c3 Nf6 5. d3 O-O 6. O-O d6 7. Nbd2 Re8 8. h3
h6 9. a4 Qd7 10. b4 Bb6 11. a5 Nxa5 12. bxa5 Bc5 13. d4 d5 14. exd5 Bd6 15.
dxe5 Bxe5 16. Nxe5 Rxe5 17. Nf3 Rh5 18. Bf4 Rxh3 19. gxh3 Qxh3 20. Bg3 Bg4 21.
Re1 Nh5 22. Bf1 Bxf3 23. Qxf3 1-0

[Event "Summer Team Tournament 2020"]
[Site "Skype"]
[Date "????.??.??"]
[Round "3"]
[White "Codina, Teresa"]
[Black "Dorneles, Luis Eduardo"]
[Result "1/2-1/2"]
[WhiteElo "1189"]
[BlackElo "1011"]
[PlyCount "88"]

1. d4 d5 2. Nf3 Nf6 3. c4 e6 4. Nc3 Bb4 5. cxd5 Nxd5 6. Bd2 Nxc3 7. bxc3 Bd6 8.
e4 Nc6 9. Be2 O-O 10. O-O b6 11. Qc2 Bb7 12. h3 Re8 13. Be3 Qc8 14. Rad1 Ba6
15. e5 Bxe2 16. Qxe2 Be7 17. Rfe1 f6 18. Bf4 Qd7 19. Qc2 Rad8 20. Re2 g5 21.
Bg3 fxe5 22. Nxe5 Nxe5 23. Bxe5 Bd6 24. Bf6 Be7 25. Be5 Bd6 26. Rdd2 Qe7 27.
Re3 Rd7 28. Rg3 Red8 29. h4 Bxe5 30. Rxg5+ Bg7 31. Rd3 c5 32. Rdg3 cxd4 33.
cxd4 Rxd4 34. Qe2 Rxh4 35. Rxg7+ Qxg7 36. Rxg7+ Kxg7 37. Qe5+ Kg6 38. Qg3+ Kh5
39. Qf3+ Kg5 40. g3 Rg4 41. Qe3+ Kf5 42. Qf3+ Kg5 43. Qe3+ Kf5 44. Qf3+ Kg5
1/2-1/2

[Event "Summer Team Tournament 2020"]
[Site "Skype"]
[Date "????.??.??"]
[Round "3"]
[White "Bourdeau, Yvan"]
[Black "Aranzubia, Desiderio"]
[Result "1/2-1/2"]
[WhiteElo "1622"]
[BlackElo "1602"]
[PlyCount "44"]

1. d4 e6 2. Nf3 Nf6 3. c4 c6 4. Bf4 d5 5. e3 dxc4 6. Bxc4 Nd5 7. Bg3 Bb4+ 8.
Nbd2 Nd7 9. a3 Be7 10. O-O O-O 11. Qc2 c5 12. Rac1 cxd4 13. Nxd4 N7f6 14. Bxd5
Qxd5 15. Qc4 Qd7 16. Qc7 Qd8 17. Qxd8 Bxd8 18. Nb5 Ne8 19. Ne4 a6 20. Nbd6 Nxd6
21. Nxd6 Be7 22. Rfd1 Rd8 1/2-1/2

[Event "Summer Team Tournament 2020"]
[Site "Skype"]
[Date "????.??.??"]
[Round "3"]
[White "Briere, Jean"]
[Black "Hernandez, Joaquin"]
[Result "1-0"]
[WhiteElo "1388"]
[BlackElo "1300"]
[PlyCount "79"]

1. e4 c5 2. Nf3 d6 3. d4 cxd4 4. Nxd4 Nc6 5. Be3 Nf6 6. Nc3 a6 7. Be2 g6 8. O-O
Bg7 9. Nf3 O-O 10. e5 dxe5 11. Qxd8 Rxd8 12. Bd3 Nd5 13. Nxd5 Rxd5 14. Be4 Rd8
15. Rfd1 Be6 16. b3 f5 17. Ng5 Rxd1+ 18. Rxd1 Rd8 19. Rxd8+ Nxd8 20. Nxe6 Nxe6
21. Bd5 Kf7 22. Bxb7 a5 23. Bd5 Kf6 24. Bxe6 Kxe6 25. c4 Kd6 26. Bb6 e4 27.
Bxa5 Bd4 28. Kf1 e5 29. Bb4+ Bc5 30. Bxc5+ Kxc5 31. a4 Kb4 32. Ke2 f4 33. g3 g5
34. g4 f3+ 35. Ke3 h6 36. Kxe4 Kxb3 37. c5 Kxa4 38. c6 h5 39. gxh5 g4 40. c7
1-0

[Event "Summer Team Tournament 2020"]
[Site "Skype"]
[Date "????.??.??"]
[Round "3"]
[White "Montilla Bejarano, Carmen"]
[Black "Schnell, Nicolas"]
[Result "1-0"]
[WhiteElo "1077"]
[BlackElo "1104"]
[PlyCount "69"]

1. e4 e5 2. Nf3 Nc6 3. Bc4 Nf6 4. Nc3 Bc5 5. O-O O-O 6. b3 Ng4 7. Qe2 d6 8. Nd5
b6 9. c3 Nf6 10. b4 Nxb4 11. cxb4 Be6 12. bxc5 bxc5 13. Rb1 Nxd5 14. Bxd5 Bd7
15. Bxa8 Qxa8 16. d3 Rb8 17. Rb2 Re8 18. Nh4 Qd8 19. Nf5 d5 20. Qg4 g6 21. Nh6+
Kg7 22. Qf3 Rf8 23. Qg3 f6 24. Nf5+ Bxf5 25. exf5 g5 26. f4 h6 27. h4 exf4 28.
Bxf4 Re8 29. Rb7 Re7 30. Rfb1 Qc8 31. Bd6 Qd8 32. Bxe7 Qxe7 33. Rxc7 Qxc7 34.
Qxc7+ Kg8 35. Rb8# 1-0

[Event "Summer Team Tournament 2020"]
[Site "Skype"]
[Date "????.??.??"]
[Round "3"]
[White "Ambrosino, Theo"]
[Black "Alvarez, Juan Evangelista"]
[Result "1-0"]
[WhiteElo "1684"]
[BlackElo "1575"]
[PlyCount "77"]

1. c4 Nf6 2. Nc3 d5 3. cxd5 Nxd5 4. g3 Nxc3 5. bxc3 Qd5 6. Nf3 Bd7 7. Bg2 g5 8.
O-O Bc6 9. h3 Nd7 10. Re1 f5 11. e4 fxe4 12. Nd4 Nf6 13. d3 e5 14. Nxc6 Qxc6
15. Bxg5 O-O-O 16. Bxf6 Qxf6 17. Bxe4 Bc5 18. Re2 Rhg8 19. Kg2 Rd7 20. Qb3 Rdg7
21. Qxb7+ Kd7 22. Qb5+ Kd6 23. Qc6+ Ke7 24. Qxc7+ Ke6 25. Qc6+ Bd6 26. Bd5+ Kf5
27. Bxg8 Rxg8 28. Qd7+ Kg6 29. Qxa7 h5 30. Rb1 Rf8 31. Qe3 Bc5 32. Qxc5 Qf3+
33. Kg1 Qxe2 34. Qxf8 Qxd3 35. Qe8+ Kf5 36. Qxh5+ Ke6 37. Rb6+ Kd5 38. Qf7+ Kc5
39. Qc7+ 1-0

[Event "Summer Team Tournament 2020"]
[Site "Skype"]
[Date "????.??.??"]
[Round "3"]
[White "Simone, Valeria"]
[Black "Amato, Ludovica"]
[Result "1-0"]
[WhiteElo "1453"]
[BlackElo "1402"]
[PlyCount "75"]

1. Nf3 d5 2. e3 Nf6 3. c4 c6 4. Nc3 dxc4 5. Bxc4 Bf5 6. Qb3 Qb6 7. Bxf7+ Kd8 8.
Qxb6+ axb6 9. Nd4 Bd7 10. b3 e5 11. Ne6+ Bxe6 12. Bxe6 Na6 13. Bb2 Nb4 14. Bf5
Bd6 15. O-O Re8 16. Ne4 Nxe4 17. Bxe4 g6 18. a3 Na6 19. b4 Kd7 20. Rfc1 Ra7 21.
Bf3 Rea8 22. d4 Ke6 23. Rd1 Nc7 24. Bg4+ Kf6 25. dxe5+ Bxe5 26. Rd6+ Kg5 27.
Bxe5 Kxg4 28. h3+ Kf5 29. Bd4 Nb5 30. Rf6+ Kg5 31. f4+ Kh6 32. Bxb6 Rxa3 33.
Rxa3 Rxa3 34. Rf7 Nd6 35. Rd7 Nc4 36. Bc5 Nxe3 37. Bf8+ Kh5 38. Rxh7# 1-0

[Event "Summer Team Tournament 2020"]
[Site "Skype"]
[Date "????.??.??"]
[Round "3"]
[White "Pirola, Gabriele"]
[Black "Pasasin, Alejandro"]
[Result "1-0"]
[WhiteElo "1000"]
[BlackElo "1251"]
[PlyCount "106"]

1. Nf3 Nf6 2. d4 d5 3. c4 e6 4. e3 Be7 5. Be2 O-O 6. O-O Nbd7 7. Nc3 c6 8. cxd5
cxd5 9. a4 b6 10. b3 Bb7 11. Ba3 Bxa3 12. Rxa3 a6 13. Qb1 h6 14. Bd3 Ne4 15.
Nxe4 dxe4 16. Bxe4 Bxe4 17. Qxe4 Rc8 18. Qb1 Qe7 19. Ra2 Rc7 20. Rc2 Rfc8 21.
Rxc7 Rxc7 22. Qd3 Qb4 23. Ne5 Nc5 24. dxc5 Qxc5 25. Nf3 a5 26. h3 e5 27. Qb1 b5
28. Rd1 Rc8 29. axb5 Qxb5 30. Qf5 Re8 31. Qd7 Qb8 32. Qd6 Qxb3 33. Ra1 a4 34.
Qa3 Qxa3 35. Rxa3 e4 36. Nd2 f5 37. Rxa4 Rd8 38. Nf1 Rd1 39. g4 g6 40. gxf5
gxf5 41. Kg2 h5 42. Ng3 Kf7 43. Nxf5 Kg6 44. Ng3 h4 45. Nxe4 Kf5 46. Nc3 Rd3
47. Ne2 Ke5 48. Rxh4 Rd6 49. Rf4 Rg6+ 50. Kf3 Rh6 51. h4 Re6 52. Re4+ Kf6 53.
Rxe6+ Kxe6 1-0

[Event "Summer Team Tournament 2020"]
[Site "Skype"]
[Date "????.??.??"]
[Round "3"]
[White "Martinez, Danny"]
[Black "More, Sanskruti"]
[Result "0-1"]
[WhiteElo "1000"]
[BlackElo "1000"]
[PlyCount "32"]

1. e4 e5 2. Nf3 Nc6 3. Bb5 a6 4. Bxc6 dxc6 5. O-O Bd6 6. Nc3 Nf6 7. d3 h6 8.
Re1 O-O 9. h3 Re8 10. Be3 Nh5 11. Nxe5 Rxe5 12. d4 Rg5 13. e5 Bxh3 14. exd6
Rxg2+ 15. Kh1 Qxd6 16. f4 Ng3# 0-1

[Event "Summer Team Tournament 2020"]
[Site "Skype"]
[Date "????.??.??"]
[Round "4"]
[White "Esmeralda Sanchez Ruiz, Piedad"]
[Black "Tiberio, Pedro"]
[Result "0-1"]
[WhiteElo "1721"]
[BlackElo "1564"]
[PlyCount "92"]

1. e4 e6 2. d4 d5 3. e5 c5 4. c3 Qb6 5. Nf3 Nc6 6. Be2 cxd4 7. cxd4 Nge7 8. Na3
Nf5 9. Nc2 Bd7 10. O-O Be7 11. b3 Rc8 12. Bb2 h5 13. g3 O-O 14. Kg2 Nb4 15.
Nxb4 Bxb4 16. Qd3 Rc6 17. Rfc1 Rfc8 18. Rxc6 Rxc6 19. a3 Be7 20. Rc1 a6 21.
Rxc6 bxc6 22. Qc2 c5 23. dxc5 Bxc5 24. Bd3 a5 25. h3 g6 26. h4 Bc6 27. Kf1 Bb5
28. Bxb5 Qxb5+ 29. Kg2 Qb6 30. Ne1 Kg7 31. Nd3 Be7 32. Qc3 d4 33. Qc4 Qb7+ 34.
Kg1 Qe4 35. Bc1 Qg4 36. Kf1 Qd1+ 37. Kg2 Bxh4 38. b4 Qe2 39. Nb2 Qe4+ 40. Kg1
axb4 41. axb4 Be7 42. b5 h4 43. gxh4 Nxh4 44. Kf1 Nf3 45. b6 Qe1+ 46. Kg2 Nh4+
0-1

[Event "Summer Team Tournament 2020"]
[Site "Skype"]
[Date "????.??.??"]
[Round "4"]
[White "Silva, Givson"]
[Black "Sanchez Ruiz, Justo"]
[Result "1-0"]
[WhiteElo "1403"]
[BlackElo "1547"]
[PlyCount "61"]

1. e4 d5 2. exd5 Qxd5 3. Nc3 Qa5 4. Nf3 Nf6 5. d4 c6 6. Bd2 Qc7 7. Bd3 Bg4 8.
O-O e6 9. h3 Bh5 10. Re1 Be7 11. g4 Bg6 12. g5 Bxd3 13. gxf6 gxf6 14. cxd3 Rg8+
15. Kh1 Nd7 16. Rg1 O-O-O 17. Qe2 Rg6 18. Nh4 Rxg1+ 19. Rxg1 f5 20. Nxf5 Bf6
21. Nh6 Nf8 22. Qf3 Bxd4 23. Nxf7 Re8 24. Ne4 Kd7 25. Bc3 Qb6 26. Bxd4 Qxd4 27.
Nf6+ Ke7 28. Nxe8 Kxe8 29. Ng5 Qd7 30. Ne4 Qd4 31. Rg8 1-0

[Event "Summer Team Tournament 2020"]
[Site "Skype"]
[Date "????.??.??"]
[Round "4"]
[White "Alarcon Alarcon, Florentina"]
[Black "Aroucha, Abraao"]
[Result "0-1"]
[WhiteElo "1363"]
[BlackElo "1376"]
[PlyCount "74"]

1. e4 e6 2. d4 d5 3. e5 c5 4. Nf3 Qb6 5. Bd3 Nc6 6. O-O Bd7 7. c3 cxd4 8. cxd4
Nb4 9. Re1 Nxd3 10. Qxd3 Bb5 11. Qb3 Qc6 12. Nc3 Bc4 13. Qa4 Qxa4 14. Nxa4 Rc8
15. Be3 Bb4 16. Rec1 Ne7 17. b3 Ba3 18. Rc2 O-O 19. bxc4 Rxc4 20. Rxc4 dxc4 21.
Nc3 a6 22. Rb1 b5 23. Bc1 Bxc1 24. Rxc1 b4 25. Nb1 Rc8 26. Kf1 c3 27. Ke1 a5
28. Kd1 Nd5 29. Kc2 a4 30. Ng5 Nf4 31. g3 Ne2 32. Rd1 h6 33. Ne4 b3+ 34. axb3
axb3+ 35. Kd3 c2 36. Kxe2 b2 37. Kd2 c1=Q+ 0-1

[Event "Summer Team Tournament 2020"]
[Site "Skype"]
[Date "????.??.??"]
[Round "4"]
[White "Martins, Douglas"]
[Black "Alarcon Alarcon, Marina"]
[Result "1-0"]
[WhiteElo "1000"]
[BlackElo "1198"]
[PlyCount "67"]

1. Nf3 Nc6 2. g3 e5 3. d3 d5 4. Nbd2 Nf6 5. Bg2 Bd6 6. O-O O-O 7. e4 d4 8. Re1
Bg4 9. a3 h6 10. Nf1 Ne7 11. h3 Be6 12. g4 Ng6 13. g5 hxg5 14. Bxg5 Be7 15.
N1h2 Nh7 16. Bxe7 Qxe7 17. Ng4 Ng5 18. Kh2 Nf4 19. Nfxe5 Nxg2 20. Kxg2 Bxg4 21.
Nxg4 c5 22. f4 Nh7 23. Qf3 Rab8 24. h4 b6 25. h5 Qb7 26. h6 f5 27. hxg7 Rf7 28.
Nh6+ Kxg7 29. Qg3+ Kf8 30. Qg8+ Ke7 31. Qxf7+ Kd6 32. Nxf5+ Kc6 33. Qd5+ Kb5
34. Nd6+ 1-0

[Event "Summer Team Tournament 2020"]
[Site "Skype"]
[Date "????.??.??"]
[Round "4"]
[White "Alvarez, Rafael"]
[Black "Benson, Paul"]
[Result "0-1"]
[WhiteElo "1604"]
[BlackElo "2080"]
[PlyCount "74"]

1. d4 f5 2. Bf4 d6 3. e3 Nf6 4. Bc4 e6 5. c3 d5 6. Be2 Bd6 7. Bg5 O-O 8. Nd2 c6
9. Ngf3 Nbd7 10. Qc2 Qe7 11. O-O-O e5 12. dxe5 Nxe5 13. Nxe5 Bxe5 14. Nf3 Bc7
15. Nd4 h6 16. Bh4 Qe4 17. Qxe4 Nxe4 18. f3 Nd6 19. Bd3 Bd7 20. Rde1 Rae8 21.
Bg3 Bc8 22. Re2 a6 23. Rhe1 c5 24. Bxd6 Bxd6 25. Nc2 c4 26. Bxc4 dxc4 27. f4
Re7 28. Rd2 Bc7 29. Na3 Bxf4 30. Rde2 Bxh2 31. Nxc4 Bg3 32. Rd1 f4 33. Rd4 b5
34. Nb6 Bg4 35. Rc2 Rxe3 36. b4 Bf5 37. Nd5 Re1+ 0-1

[Event "Summer Team Tournament 2020"]
[Site "Skype"]
[Date "????.??.??"]
[Round "4"]
[White "Gharbi, Said"]
[Black "Chavero, Victor"]
[Result "0-1"]
[WhiteElo "1578"]
[BlackElo "1448"]
[PlyCount "36"]

1. e4 d5 2. e5 Bd7 3. d4 c5 4. c3 e6 5. Nf3 Ne7 6. Bd3 Nbc6 7. Ng5 cxd4 8. cxd4
Nxd4 9. Bxh7 Nec6 10. Nxf7 Bb4+ 11. Nc3 Kxf7 12. Qh5+ Kf8 13. O-O Be8 14. Qh3
Bg6 15. Qg3 Bxh7 16. Bg5 Qa5 17. Be3 Bxc3 18. bxc3 Ne2+ 0-1